LIBRARY & INFORMATION CENTRE, KCAET, TAVANUR

ONLINE PUBLIC ACCESS CATALOGUE (OPAC)

Elementary Engineering Drawing / (Record no. 2904)

MARC details
000 -LEADER
fixed length control field 00289cam a2200121ua 4500
082 ## - DEWEY DECIMAL CLASSIFICATION NUMBER
Classification number 604.2
Item number BHA/EL
100 ## - MAIN ENTRY--AUTHOR NAME
Personal name Bhatt, N D .
245 ## - TITLE STATEMENT
Title Elementary Engineering Drawing /
250 ## - EDITION STATEMENT
Edition statement 24 /
260 ## - PUBLICATION, DISTRIBUTION, ETC. (IMPRINT)
Place of publication India :
Name of publisher Charotar Publishing House ,
Year of publication 1985.
300 ## - PHYSICAL DESCRIPTION
Number of Pages 600 ; .
942 ## - ADDED ENTRY ELEMENTS (KOHA)
Koha item type Books
Holdings
Withdrawn status Lost status Damaged status Home library Current library Date acquired Full call number Accession Number Koha item type
      KAUAET KAUAET 11/02/1986 604.2 14845 Books
      KAUAET KAUAET 11/02/1986 604.2 14829 Books
      KAUAET KAUAET 11/02/1986 604.2 14830 Books
free website counter